[Event "Viva Zidane! (French Defense) "]
[Site "SchemingMind.com"]
[Date "2006.08.02"]
[Round "-"]
[White "MatdeInverses"]
[Black "Louis Lima"]
[Result "0-1"]
[WhiteCountry "USA"]
[BlackCountry "ESP"]
[WhiteElo "1714"]
[WhiteRD "56"]
[BlackElo "1682"]
[BlackRD "55"]
[GameID "62058"]

1. e4 e6 2. b3 d5 3. Bb2 dxe4 4. Nc3 Nf6 5. Qe2 Bb4 6. O-O-O O-O 7. Nxe4 Nxe4 8. Qxe4 Nc6 9. Nf3 Qd6 10. Bd3 f5
0-1

[Event "Viva Zidane! (French Defense) "]
[Site "SchemingMind.com"]
[Date "2006.08.02"]
[Round "-"]
[White "Louis Lima"]
[Black "MatdeInverses"]
[Result "1-0"]
[WhiteCountry "ESP"]
[BlackCountry "USA"]
[WhiteElo "1682"]
[WhiteRD "55"]
[BlackElo "1714"]
[BlackRD "56"]
[GameID "62059"]

1. e4 e6 2. d4 d5 3. exd5 exd5 4. Bd3 Bd6 5. Nf3 Ne7 6. O-O c6 7. Re1 Bg4 8. c3 Qc7 9. Nbd2 Nd7 10. Nf1 O-O-O
11. h3 h5 12. hxg4 hxg4 13. Ne5
1-0

[Event "Viva Zidane! (French Defense) "]
[Site "SchemingMind.com"]
[Date "2006.08.10"]
[Round "-"]
[White "Mariazb"]
[Black "Louis Lima"]
[Result "1-0"]
[WhiteCountry "ARG"]
[BlackCountry "ESP"]
[WhiteElo "1968"]
[WhiteRD "136"]
[BlackElo "1703"]
[BlackRD "61"]
[GameID "63188"]

1. e4 e6 2. d4 c5 3. Nf3 cxd4 4. Be2 Nc6 5. Nxd4 Nf6 6. Nc3 Bb4 7. Nxc6 bxc6 8. O-O Bxc3 9. bxc3 Nxe4 10. Qd4 Nf6
11. Ba3 Qb6 12. Qe5 Ba6 13. Bc5 Qa5 14. Qd6 O-O-O 15. Bxa6+ Qxa6 16. Rab1
1-0

[Event "Viva Zidane! (French Defense) "]
[Site "SchemingMind.com"]
[Date "2006.08.11"]
[Round "-"]
[White "Louis Lima"]
[Black "Mariazb"]
[Result "0-1"]
[WhiteCountry "ESP"]
[BlackCountry "ARG"]
[WhiteElo "1657"]
[WhiteRD "49"]
[BlackElo "1996"]
[BlackRD "101"]
[GameID "63190"]

1. e4 e6 2. d4 d5 3. Nd2 c5 4. exd5 exd5 5. Ngf3 Nc6 6. Bb5 Qe7+ 7. Qe2 Qxe2+ 8. Kxe2 cxd4 9. Nxd4 Bd7 10. Nxc6 bxc6
11. Bd3 Nf6 12. Re1 O-O-O 13. Kf1 Bd6 14. h3 Rhe8 15. Rxe8 Rxe8 16. Nf3 h6 17. Be3 c5 18. Re1 d4 19. Bd2 Rxe1+ 20. Kxe1 Be6
21. b3 Nd5 22. Bc4 Kd7 23. Kf1 g5 24. Ne1 f5 25. Nd3 Kc6 26. h4 f4 27. hxg5 hxg5 28. Bxd5+ Bxd5 29. g3 fxg3 30. fxg3 g4
31. Bf4 Bxf4 32. Nxf4 Be4 33. Nd3 Bxd3+ 34. cxd3 Kb5 35. a3 a5
0-1

[Event "Viva Zidane! (French Defense) "]
[Site "SchemingMind.com"]
[Date "2006.08.12"]
[Round "-"]
[White "Marcos Natal"]
[Black "Louis Lima"]
[Result "0-1"]
[WhiteCountry "BRA"]
[BlackCountry "ESP"]
[WhiteElo "1520"]
[WhiteRD "221"]
[BlackElo "1657"]
[BlackRD "49"]
[GameID "63417"]

1. e4 e6 2. Nc3 c5 3. Nf3 d5 4. exd5 exd5 5. Bb5+ Bd7 6. Bxd7+ Qxd7 7. d3 Nf6 8. O-O Be7 9. Re1 O-O 10. h3 Nc6
11. a3 a6 12. Bf4 Rae8 13. Ne2 Bd6 14. d4 Rxe2 15. Bxd6 Rxe1+ 16. Qxe1 Qxd6 17. dxc5 Qxc5 18. Rc1 Re8 19. Qd2 Ne5 20. Nxe5 Rxe5
21. Qf4 Re8 22. c3 h6 23. Rd1 Qe7 24. Qf3 Qe2 25. Qxe2 Rxe2 26. Rb1 Ne4 27. f3 Nf6 28. Kh2 Kf8 29. Kg3 Ke7 30. f4 Ne4+
31. Kf3 Rf2+ 32. Kg4 Rxg2+ 33. Kf5 f6 34. h4 g6#
0-1

[Event "Viva Zidane! (French Defense) "]
[Site "SchemingMind.com"]
[Date "2006.08.12"]
[Round "-"]
[White "Marcos Natal"]
[Black "MatdeInverses"]
[Result "1-0"]
[WhiteCountry "BRA"]
[BlackCountry "USA"]
[WhiteElo "1193"]
[WhiteRD "93"]
[BlackElo "1684"]
[BlackRD "87"]
[GameID "63418"]

1. e4 e6 2. Nc3 c5 3. Bb5 a6 4. Ba4 b5 5. Nxb5 axb5 6. Bxb5 Nf6 7. d3 Qa5+ 8. Bd2 Qxb5 9. a3 Qxb2 10. Nf3 Nc6
11. O-O Rxa3 12. Rxa3 Qxa3 13. Bg5 Be7 14. h3 h6 15. Bh4 d5 16. e5 Nd7 17. Bxe7 Nxe7 18. d4 cxd4 19. Qxd4 Qc5 20. c3 Qxd4
21. cxd4 O-O 22. Nd2 f6 23. f4 Nf5 24. Nf3 fxe5 25. fxe5 Nb6 26. Rd1
1-0

[Event "Viva Zidane! (French Defense) "]
[Site "SchemingMind.com"]
[Date "2006.08.12"]
[Round "-"]
[White "Marcos Natal"]
[Black "Mariazb"]
[Result "0-1"]
[WhiteCountry "BRA"]
[BlackCountry "ARG"]
[WhiteElo "1451"]
[WhiteRD "117"]
[BlackElo "2083"]
[BlackRD "86"]
[GameID "63419"]

1. e4 e6 2. Nc3 d5 3. d4 Bb4 4. Bd2 dxe4 5. Bb5+ c6 6. Ba4 Qxd4 7. Bb3 Bc5 8. Qe2 Nf6 9. O-O-O Qxf2 10. Qxf2 Bxf2
11. Nge2 Bb6 12. Bg5 Nbd7 13. Ng3 e3 14. Rhe1 Ng4 15. h3 Nf2 16. Bxe3 Bxe3+ 17. Rxe3 Nxd1 18. Kxd1 O-O 19. Nge4 Rd8 20. Kc1 a5
21. Nd6 b5 22. a3 Nc5 23. Nxc8 Nxb3+ 24. cxb3 Raxc8 25. g4 Rd7 26. h4 Rd4 27. Rg3 Rcd8 28. Kc2 Rd2+ 29. Kb1 Rh2 30. h5 Rdd2
31. Kc1 Rc2+ 32. Kb1 Rxb2+ 33. Ka1 b4 34. axb4 axb4 35. Nd1 Rbd2 36. Rg1 f5 37. g5 Rd3 38. h6 Rxb3 39. hxg7 Rbh3 40. Nb2 Ra3+
41. Kb1 Rb3 42. g6 Rhxb2+ 43. Kc1 Rb1+ 44. Kc2 R3b2+ 45. Kd3 Rxg1 46. gxh7+ Kxh7 47. g8=Q+ Rxg8
0-1

[Event "Viva Zidane! (French Defense) "]
[Site "SchemingMind.com"]
[Date "2006.08.13"]
[Round "-"]
[White "Louis Lima"]
[Black "Marcos Natal"]
[Result "0-1"]
[WhiteCountry "ESP"]
[BlackCountry "BRA"]
[WhiteElo "1657"]
[WhiteRD "49"]
[BlackElo "1520"]
[BlackRD "221"]
[GameID "63420"]

1. e4 e6 2. d3 d5 3. Nd2 Bb4 4. c3 Ba5 5. a4 Nc6 6. b4 Bxb4 7. cxb4 Nxb4 8. Ba3 c5 9. Bxb4 cxb4 10. e5 Ne7
11. d4 Bd7 12. Bb5 Bxb5 13. axb5 O-O 14. Ngf3 Qb6 15. O-O Nf5 16. Nb3 Qxb5 17. Qd2 Qc4 18. Nc5 b6 19. Rfc1 Qb5 20. Nb3 h6
21. Rc7 a5 22. g4 a4 23. gxf5 axb3 24. Rxa8 Rxa8 25. Qb2 Qd3 26. Kg2 Ra2 27. Qc1 b2 28. Rc8+ Kh7 29. Qc7 b1=Q 30. Qxf7 Qbf1+
0-1

[Event "Viva Zidane! (French Defense) "]
[Site "SchemingMind.com"]
[Date "2006.08.14"]
[Round "-"]
[White "MatdeInverses"]
[Black "Marcos Natal"]
[Result "0-1"]
[WhiteCountry "USA"]
[BlackCountry "BRA"]
[WhiteElo "1684"]
[WhiteRD "87"]
[BlackElo "1193"]
[BlackRD "93"]
[GameID "63421"]

1. e4 e6 2. Nf3 d5 3. e5 Nc6 4. d4 Bb4+ 5. c3 Ba5 6. Bd3 Bd7 7. O-O Qe7 8. b4 Bb6 9. a4 a6 10. Ba3 Na7
11. a5 Bb5 12. axb6 cxb6 13. Qe2 Bxd3 14. Qxd3 Qc7 15. Nbd2 Nh6 16. c4 O-O 17. cxd5 exd5 18. Ng5 g6 19. b5 Nxb5 20. Bxf8 Rxf8
21. Qh3 Kg7 22. Ndf3 Rh8 23. e6 Qe7 24. Rfe1 Nxd4
0-1

[Event "Viva Zidane! (French Defense) "]
[Site "SchemingMind.com"]
[Date "2006.08.12"]
[Round "-"]
[White "Mariazb"]
[Black "Marcos Natal"]
[Result "1-0"]
[WhiteCountry "ARG"]
[BlackCountry "BRA"]
[WhiteElo "1996"]
[WhiteRD "101"]
[BlackElo "1520"]
[BlackRD "221"]
[GameID "63422"]

1. e4 e6 2. Nf3 Nc6 3. d4 d5 4. e5 Bb4+ 5. c3 Ba5 6. Bd3 Nge7 7. O-O O-O 8. Bg5 h6 9. Bh4 Qd7 10. Qc2 Nf5
11. Nbd2 f6 12. exf6 gxf6 13. Nb3 Bb6 14. Bxf5 exf5 15. Rfe1 Qg7 16. a4 a6 17. Bg3 Nd8 18. Re3 Nf7 19. Nh4 c6 20. Nxf5 Bxf5
21. Qxf5 Ng5 22. a5 Ba7 23. Rae1 Bb8 24. Re7 Nf7 25. Bxb8 Raxb8 26. Nc5 Qg5 27. Qe6 Rbd8 28. Nd7 Kg7 29. Nxf8 Rxf8 30. Re3 Qh5
31. Rg3+ Kh8 32. Qxf6+ Kh7 33. Qg7#
1-0

[Event "Viva Zidane! (French Defense) "]
[Site "SchemingMind.com"]
[Date "2006.08.15"]
[Round "-"]
[White "Dread"]
[Black "Louis Lima"]
[Result "1/2-1/2"]
[WhiteCountry "GER"]
[BlackCountry "ESP"]
[WhiteElo "1895"]
[WhiteRD "83"]
[BlackElo "1657"]
[BlackRD "49"]
[GameID "63839"]

1. e4 e6 2. d4 c5 3. d5 exd5 4. exd5 d6 5. c4 g6 6. Bd2 Bg7 7. Bc3 Nf6 8. Bd3 O-O 9. Ne2 Re8 10. O-O Nbd7
11. Na3 Ne5=
1/2-1/2

[Event "Viva Zidane! (French Defense) "]
[Site "SchemingMind.com"]
[Date "2006.08.15"]
[Round "-"]
[White "Dread"]
[Black "MatdeInverses"]
[Result "1-0"]
[WhiteCountry "GER"]
[BlackCountry "USA"]
[WhiteElo "1970"]
[WhiteRD "80"]
[BlackElo "1701"]
[BlackRD "63"]
[GameID "63840"]

1. e4 e6 2. d4 d5 3. e5 c5 4. c3 Nc6 5. Nf3 Bd7 6. Bb5 Nxe5 7. Bxd7+ Nxd7 8. O-O Ngf6 9. Bg5 Be7 10. Nbd2 O-O
11. Ne5 Nxe5 12. dxe5 Nd7 13. Bf4 f5 14. exf6 Bxf6 15. Qg4 Qb6 16. Be3 Rae8 17. Nb3 Qc6 18. Rfe1 b6 19. Rad1 Ne5 20. Qe2 Nc4
21. Bc1 e5 22. Nd2 Nxd2 23. Qxd2 d4 24. Qc2 Qd5 25. c4 Qc6 26. f3
1-0

[Event "Viva Zidane! (French Defense) "]
[Site "SchemingMind.com"]
[Date "2006.08.15"]
[Round "-"]
[White "Dread"]
[Black "Mariazb"]
[Result "1/2-1/2"]
[WhiteCountry "GER"]
[BlackCountry "ARG"]
[WhiteElo "1895"]
[WhiteRD "83"]
[BlackElo "1996"]
[BlackRD "101"]
[GameID "63841"]

1. e4 e6 2. d4 d5 3. e5 c5 4. c3 cxd4 5. cxd4 Nc6 6. Nf3 Nge7 7. Bb5 Nf5 8. O-O Qb6 9. Nc3 Bb4 10. Bxc6+ bxc6
11. a3 Be7 12. g4 Nh4 13. Nxh4 Bxh4 14. Na4 Qb5 15. Nc5 Be7 16. b4 a5 17. Bd2 Bxc5 18. a4 Qc4 19. dxc5 axb4 20. Rb1 Rb8
21. Re1= Qxc5 22. Qc1 Qxc1 23. Rexc1 b3 24. Rxc6 Bd7 25. Rd6 Bxa4 26. Ra6 Bb5 27. Rxb3 O-O 28. Rd6 Be2 29. Rxb8 Rxb8 30. g5 Kf8
31. Be3 Bf3 32. h4 Ke8 33. Kh2 Bh5 34. Rb6 Rd8 35. Bc5 d4 36. Rd6 Rxd6 37. Bxd6 Kd7 38. Bc5 d3 39. Be3 Kc6 40. Kg3 Kd5
41. Kf4 Be2 42. Bd2 Kd4 43. Ba5 h6 44. Bd2 Bf1 45. Be1 h5=
1/2-1/2

[Event "Viva Zidane! (French Defense) "]
[Site "SchemingMind.com"]
[Date "2006.08.15"]
[Round "-"]
[White "Dread"]
[Black "Marcos Natal"]
[Result "1-0"]
[WhiteCountry "GER"]
[BlackCountry "BRA"]
[WhiteElo "1820"]
[WhiteRD "136"]
[BlackElo "1338"]
[BlackRD "292"]
[GameID "63842"]

1. e4 e6 2. d4 Nf6 3. e5 Nd5 4. c4 Bb4+ 5. Bd2 Qg5 6. cxd5 Bxd2+ 7. Nxd2 b6 8. Ngf3 Qh6 9. Qc2 c6 10. dxe6 dxe6
11. Ne4 O-O 12. Bd3 f5 13. exf6 gxf6 14. O-O Bb7 15. Nd6 Qg7 16. Rfe1 Na6 17. Rxe6 Nb4 18. Qb3 Nxd3 19. Re7+ Rf7 20. Rxf7 Nc5
21. Rxg7+ Kxg7 22. Qf7+ Kh6 23. Nf5#
1-0

[Event "Viva Zidane! (French Defense) "]
[Site "SchemingMind.com"]
[Date "2006.08.17"]
[Round "-"]
[White "Louis Lima"]
[Black "Dread"]
[Result "1/2-1/2"]
[WhiteCountry "ESP"]
[BlackCountry "GER"]
[WhiteElo "1657"]
[WhiteRD "49"]
[BlackElo "1895"]
[BlackRD "83"]
[GameID "63844"]

1. e4 e6 2. d3 d5 3. Nd2 c5 4. g3 Nc6 5. Bg2 Nf6 6. Ngf3 Be7 7. O-O dxe4 8. dxe4 e5 9. Nc4 Qc7 10. Bg5 Be6
11. Qe2 Nd4 12. Nxd4 cxd4 13. b3 O-O 14. f4 Ng4 15. Bxe7 Qxe7 16. Nxe5=
1/2-1/2

[Event "Viva Zidane! (French Defense) "]
[Site "SchemingMind.com"]
[Date "2006.08.16"]
[Round "-"]
[White "MatdeInverses"]
[Black "Dread"]
[Result "0-1"]
[WhiteCountry "USA"]
[BlackCountry "GER"]
[WhiteElo "1697"]
[WhiteRD "70"]
[BlackElo "2001"]
[BlackRD "82"]
[GameID "63845"]

1. e4 e6 2. b3 d5 3. Bb2 dxe4 4. Nc3 Nf6 5. Qe2 Nc6 6. Nxe4 Be7 7. O-O-O a5 8. Nf3 a4 9. Nxf6+ Bxf6 10. d4 axb3
11. axb3 Qd5 12. Qb5 Qd8 13. Ne5 O-O 14. Bd3 Bxe5 15. dxe5 Qg5+ 16. Kb1 Ra5 17. Qc4 Nxe5 18. Qxc7 Nc6 19. Qg3 Qxg3= 20. hxg3 h6
21. Be4 f6 22. Rhe1 Kf7 23. c4 e5 24. Rd6 Ke7 25. Red1 Rd8 26. Rxd8 Nxd8
0-1

[Event "Viva Zidane! (French Defense) "]
[Site "SchemingMind.com"]
[Date "2006.08.15"]
[Round "-"]
[White "Mariazb"]
[Black "Dread"]
[Result "1-0"]
[WhiteCountry "ARG"]
[BlackCountry "GER"]
[WhiteElo "1968"]
[WhiteRD "136"]
[BlackElo "1820"]
[BlackRD "136"]
[GameID "63846"]

1. e4 e6 2. Nc3 d5 3. d4 Bb4 4. e5 c5 5. a3 Bxc3+ 6. bxc3 Ne7 7. Qg4 Qc7 8. Bd2 O-O 9. Nf3 c4 10. Be2 Nbc6
11. O-O f5 12. Qh5 f4 13. Ng5 h6 14. Nh3 Rf5 15. Qg4 h5 16. Qf3 Bd7 17. Bxf4 Raf8 18. Qe3 Ng6 19. Bg5 Be8 20. Bxh5 Qc8
21. Qg3
1-0

[Event "Viva Zidane! (French Defense) "]
[Site "SchemingMind.com"]
[Date "2006.08.16"]
[Round "-"]
[White "Marcos Natal"]
[Black "Dread"]
[Result "0-1"]
[WhiteCountry "BRA"]
[BlackCountry "GER"]
[WhiteElo "1520"]
[WhiteRD "221"]
[BlackElo "1895"]
[BlackRD "83"]
[GameID "63847"]

1. e4 e6 2. Nc3 d5 3. d4 Bb4 4. Bd2 c5 5. dxc5 d4 6. Bb5+ Bd7 7. Bxd7+ Qxd7 8. Nce2 Bxc5 9. c3 d3 10. Ng3 Nc6
11. Nh3 Nf6 12. O-O g6 13. Bg5 Be7 14. Nf4 Ne5 15. Qd2 O-O-O 16. b4 h6 17. Bxf6 Bxf6 18. a4 h5 19. b5 h4 20. Nh1 Nc4
21. Qa2 Qc7 22. Nh3 Be5 23. f3 Bxh2+ 24. Kf2 Qc5+ 25. Ke1 d2+ 26. Ke2 Qe3+ 27. Kd1 Qd3 28. Rf2 Ne3#
0-1

[Event "Viva Zidane! (French Defense) "]
[Site "SchemingMind.com"]
[Date "2006.08.19"]
[Round "-"]
[White "Dr_Pat"]
[Black "Louis Lima"]
[Result "0-1"]
[WhiteCountry "USA"]
[BlackCountry "ESP"]
[WhiteElo "1490"]
[WhiteRD "48"]
[BlackElo "1657"]
[BlackRD "49"]
[GameID "64293"]

1. e4 e6 2. d4 c5 3. d5 d6 4. Nc3 e5 5. Nf3 a6 6. Be2 b5 7. O-O Be7 8. Be3 Nf6 9. a3 O-O 10. b4 c4
11. a4 Bb7 12. Nd2 Nbd7 13. axb5 axb5 14. Rxa8 Qxa8 15. Nxb5 Qa4 16. Bxc4 Qxb4 17. Na7 Nc5 18. Nc6 Bxc6 19. dxc6 Nfxe4 20. Be2 Nc3
21. Qe1 Nxe2+ 22. Qxe2 Rc8 23. Bxc5 Qxc5 24. Ne4 Qxc6 25. c4 Qxc4 26. Qxc4 Rxc4 27. Ng3 g6 28. h3 f5 29. f3 Bg5 30. Nh1 Rc1
31. Rxc1 Bxc1 32. Kf1 Kf7 33. Ke2 Ke6 34. Nf2 d5 35. Nd3 Ba3 36. g3 e4 37. fxe4 dxe4 38. Nf4+ Ke5 39. Ng2 Bc5 40. Ne3 Bxe3
41. Kxe3 g5
0-1

[Event "Viva Zidane! (French Defense) "]
[Site "SchemingMind.com"]
[Date "2006.08.19"]
[Round "-"]
[White "Dr_Pat"]
[Black "Mariazb"]
[Result "0-1"]
[WhiteCountry "USA"]
[BlackCountry "ARG"]
[WhiteElo "1490"]
[WhiteRD "48"]
[BlackElo "1996"]
[BlackRD "101"]
[GameID "64295"]

1. e4 e6 2. d4 d5 3. e5 c5 4. Nf3 Nc6 5. Bd3 cxd4 6. O-O Nge7 7. Bg5 Qb6 8. b3 Ng6 9. c3 Ngxe5 10. Nxe5 Nxe5
11. f4 Nxd3 12. Qxd3 dxc3+ 13. Kh1 d4 14. a4 f6 15. Bh4 Bc5 16. Qc4 Qb4 17. Qxb4 Bxb4 18. Na3 d3 19. Be1 Ke7 20. Rf3 d2
21. Bf2 Bxa3 22. Rd3 Rd8 23. Bd4 e5 24. Bc5+ Bxc5 25. Rxd8 Kxd8
0-1

[Event "Viva Zidane! (French Defense) "]
[Site "SchemingMind.com"]
[Date "2006.08.19"]
[Round "-"]
[White "Dr_Pat"]
[Black "Dread"]
[Result "0-1"]
[WhiteCountry "USA"]
[BlackCountry "GER"]
[WhiteElo "1490"]
[WhiteRD "48"]
[BlackElo "1895"]
[BlackRD "83"]
[GameID "64296"]

1. e4 e6 2. d4 d5 3. e5 c5 4. Nf3 cxd4 5. Nxd4 Bc5 6. Nc3 Qc7 7. Be3 Ne7 8. Be2 Qxe5 9. Ncb5 Na6 10. Nf3 Qb8
11. Bxc5 Nxc5 12. Qd4 Ne4 13. Qxg7 Rg8 14. Qxh7 a6 15. Nbd4 Qc7 16. O-O e5 17. Nb3 Bf5 18. Qh5 O-O-O 19. Qxf7 Rdf8
0-1

[Event "Viva Zidane! (French Defense) "]
[Site "SchemingMind.com"]
[Date "2006.08.19"]
[Round "-"]
[White "Dr_Pat"]
[Black "Marcos Natal"]
[Result "1-0"]
[WhiteCountry "USA"]
[BlackCountry "BRA"]
[WhiteElo "1507"]
[WhiteRD "53"]
[BlackElo "1451"]
[BlackRD "117"]
[GameID "64297"]

1. e4 e6 2. d4 d5 3. e5 Bb4+ 4. c3 Ba5 5. Nf3 Ne7 6. Bd3 Ng6 7. O-O O-O 8. Nbd2 Nd7 9. Nb3 Bb6 10. Bg5 f6
11. exf6 Nxf6 12. Bxg6 hxg6 13. Nh4 Qe8 14. Qd3 c6 15. Nxg6 Rf7 16. Rfe1 Ne4 17. Ne5 Nxf2 18. Qg6 Rf8 19. Qxe8 Nh3+ 20. gxh3 Rxe8
21. Re3 Bd8 22. Bxd8 Rxd8 23. Nd2 Rf8 24. Rg3 a5 25. Ng6 Rf7 26. Ne5 Rf6 27. Rf1 Rxf1+ 28. Kxf1 Ra6 29. Ndf3 b5 30. h4 b4
31. Ng6 Bd7 32. h5 bxc3 33. bxc3 a4 34. a3 Rb6 35. Nge5 Be8 36. h6 Rb1+ 37. Ke2 Bh5 38. Rxg7+ Kf8 39. Nd7+ Ke8 40. Nf6+ Kf8
41. Nxh5 Rb2+ 42. Kd3 Rf2 43. Ke3
1-0

[Event "Viva Zidane! (French Defense) "]
[Site "SchemingMind.com"]
[Date "2006.08.19"]
[Round "-"]
[White "Louis Lima"]
[Black "Dr_Pat"]
[Result "1-0"]
[WhiteCountry "ESP"]
[BlackCountry "USA"]
[WhiteElo "1657"]
[WhiteRD "49"]
[BlackElo "1490"]
[BlackRD "48"]
[GameID "64299"]

1. e4 e6 2. d4 d5 3. exd5 exd5 4. Bd3 Nc6 5. Nf3 Bg4 6. c3 Bd6 7. O-O Nf6 8. Re1+ Be7 9. Bf4 O-O 10. Nbd2 Bd6
11. Bxd6 Qxd6 12. Qb3 Rab8 13. Ne5 Rfe8 14. Nxg4 Rxe1+ 15. Rxe1 Nxg4 16. Nf3 Nf6 17. Ne5 Nd7 18. Qc2 g6 19. f4 f5 20. Qf2 Ndxe5
21. fxe5 Qe7 22. Bb5 Nd8 23. Qf4 Ne6 24. Qf2 a6 25. Bd3 b5 26. Qg3 c5 27. Bxf5 c4 28. Qg4 g5 29. Bxe6+ Kh8 30. Bxd5 h6
31. Rf1 Rf8 32. Rxf8+ Qxf8 33. Qe6 a5 34. Qf7 Qxf7 35. Bxf7 Kg7 36. Be8 b4 37. Bb5 bxc3 38. bxc3
1-0

[Event "Viva Zidane! (French Defense) "]
[Site "SchemingMind.com"]
[Date "2006.08.19"]
[Round "-"]
[White "Mariazb"]
[Black "Dr_Pat"]
[Result "1-0"]
[WhiteCountry "ARG"]
[BlackCountry "USA"]
[WhiteElo "1996"]
[WhiteRD "101"]
[BlackElo "1490"]
[BlackRD "48"]
[GameID "64301"]

1. e4 e6 2. d4 d5 3. Nc3 Bb4 4. e5 c5 5. a3 Bxc3+ 6. bxc3 cxd4 7. cxd4 Ne7 8. Nf3 O-O 9. Bd3 Qc7 10. O-O b6
11. Ng5 h6 12. Nh7 Re8 13. Nf6+ gxf6 14. Qg4+ Ng6 15. Bxg6 fxg6 16. Qxg6+ Qg7 17. Qxe8+ Qf8 18. Qxf8+ Kxf8 19. Bxh6+ Kf7 20. exf6 Kxf6
21. h4 Nd7 22. g4 Ba6 23. Rfe1 Rc8 24. Re3 Rh8 25. g5+ Kf5 26. Rae1 e5 27. dxe5 Nxe5 28. Rxe5+ Kf4 29. h5
1-0

[Event "Viva Zidane! (French Defense) "]
[Site "SchemingMind.com"]
[Date "2006.08.19"]
[Round "-"]
[White "Dread"]
[Black "Dr_Pat"]
[Result "1-0"]
[WhiteCountry "GER"]
[BlackCountry "USA"]
[WhiteElo "1895"]
[WhiteRD "83"]
[BlackElo "1490"]
[BlackRD "48"]
[GameID "64302"]

1. e4 e6 2. d4 d5 3. Nd2 Nc6 4. Ngf3 Nf6 5. e5 Nd7 6. Bb5 a6 7. Bxc6 bxc6 8. c3 a5 9. O-O Be7 10. h3 O-O
11. Nh2 c5 12. f4 cxd4 13. cxd4 Nb8 14. Qc2 Qd7 15. Ndf3 Nc6 16. Bd2 Bb4 17. Rfc1 Bb7 18. a3 Bxd2 19. Qxd2 Ra6 20. Ne1 f6
21. Nd3 Nxd4 22. Nc5 Qb5 23. Qxd4 Rb6 24. Nf3 fxe5 25. Qxe5 Qc6 26. Nxb7 Qxb7 27. Rxc7
1-0

[Event "Viva Zidane! (French Defense) "]
[Site "SchemingMind.com"]
[Date "2006.08.19"]
[Round "-"]
[White "Marcos Natal"]
[Black "Dr_Pat"]
[Result "1-0"]
[WhiteCountry "BRA"]
[BlackCountry "USA"]
[WhiteElo "1451"]
[WhiteRD "117"]
[BlackElo "1507"]
[BlackRD "53"]
[GameID "64303"]

1. e4 e6 2. Nc3 Nf6 3. Nf3 d5 4. Bb5+ c6 5. Ba4 Be7 6. d3 O-O 7. O-O b5 8. Bb3 Nbd7 9. Ne2 a5 10. a3 a4
11. Ba2 Qc7 12. Bf4 Bd6 13. Bxd6 Qxd6 14. h3 dxe4 15. dxe4 Qxd1 16. Rfxd1 Nxe4 17. Nf4 Ndf6 18. Rac1 c5 19. c4 b4 20. axb4 cxb4
21. b3 a3 22. Nd3 Nc3 23. Rd2 Nxa2 24. Rxa2 Rd8 25. Nxb4 Rb8 26. Nc6 Bb7 27. Nxd8 Rxd8 28. Rxa3 Ra8 29. Rxa8+ Bxa8 30. Rd1 Bd5
31. cxd5 Nxd5 32. Ne5 f6 33. Nc6 Nc3 34. Rd8+ Kf7 35. b4 e5 36. Na7 e4 37. b5
1-0

[Event "Viva Zidane! (French Defense) "]
[Site "SchemingMind.com"]
[Date "2006.08.23"]
[Round "-"]
[White "markjburden"]
[Black "Dr_Pat"]
[Result "0-1"]
[WhiteCountry "GBR"]
[BlackCountry "USA"]
[WhiteElo "1613"]
[WhiteRD "71"]
[BlackElo "1490"]
[BlackRD "48"]
[GameID "64981"]

1. e4 e6 2. d4 d5 3. e5 c5 4. c3 Bd7 5. Be3 Nc6 6. Ne2 g6 7. f4 Bg7 8. Nd2 Nge7 9. g4 h5 10. gxh5 Rxh5
11. Ng3 Rh8 12. dxc5 Nf5 13. Nxf5 exf5 14. Bb5 Qh4+ 15. Kf1 O-O-O 16. Qf3 Na5 17. Bd3 Qh5 18. Be2 Qxf3+ 19. Nxf3 Nc4 20. Bxc4 dxc4
21. Bd4 Rhg8 22. Rg1 Bh6 23. Be3 Kb8 24. h4 Bc6 25. Nd4 Be4 26. Ke2 Rc8 27. Nb5 Bc6 28. Nd6 Rc7 29. Nxf5 Bg7 30. Nd6 Bd5
31. Bd4 f6 32. exf6 Bh6 33. f7 Bxf7 34. Nxf7 Rxf7 35. Be5+ Ka8 36. Rg4 Re8 37. Kf3 Rxe5 38. Rxg6 Rxf4+ 39. Kg2 Re2+ 40. Kg3 Re3+
41. Kg2 Bf8 42. Rd1 Kb8 43. Rg8 Kc7 44. Rh8 Rd3 45. Re1 Bxc5 46. Rh7+ Kc6 47. b4 cxb3 48. axb3 Rf2+
0-1

[Event "Viva Zidane! (French Defense) "]
[Site "SchemingMind.com"]
[Date "2006.08.23"]
[Round "-"]
[White "markjburden"]
[Black "Mariazb"]
[Result "0-1"]
[WhiteCountry "GBR"]
[BlackCountry "ARG"]
[WhiteElo "1613"]
[WhiteRD "71"]
[BlackElo "1996"]
[BlackRD "101"]
[GameID "64983"]

1. e4 e6 2. d4 d5 3. e5 c5 4. Be3 Nc6 5. c3 Nge7 6. Bb5 Bd7 7. Ne2 Nxe5 8. Bxd7+ Nxd7 9. dxc5 Nf5 10. Bd4 e5
11. Qc2 Qf6 12. Be3 Nxe3 13. fxe3 Bxc5 14. Rf1 Qh4+ 15. g3 Qxh2 16. Qd3 O-O-O 17. Nd2 e4 18. Qxd5 Bxe3 19. Nxe4 Nf6 20. Qf5+ Kb8
21. Qe5+ Ka8 22. Rd1 Rde8 23. Qf5 Rxe4
0-1

[Event "Viva Zidane! (French Defense) "]
[Site "SchemingMind.com"]
[Date "2006.08.23"]
[Round "-"]
[White "markjburden"]
[Black "Dread"]
[Result "0-1"]
[WhiteCountry "GBR"]
[BlackCountry "GER"]
[WhiteElo "1613"]
[WhiteRD "71"]
[BlackElo "1895"]
[BlackRD "83"]
[GameID "64984"]

1. e4 e6 2. d4 d5 3. e5 c5 4. f4 Ne7 5. Bd3 c4 6. Be2 Nbc6 7. c3 Ng6 8. Nf3 Be7 9. g3 O-O 10. Nbd2 f5
11. Nf1 Rb8 12. h3 b5 13. Ne3 b4 14. Bd2 bxc3 15. Bxc3 a5 16. Qd2 Qb6 17. Kf2 Bd7 18. Ng2 a4 19. a3 Ra8 20. h4 Na5
21. Bxa5 Rxa5 22. Ne3 Rb5 23. Ra2 Rb8 24. h5 Nh8 25. Nd1 Nf7 26. Nh4 Nh6 27. Qc2 Qxd4+ 28. Kf1 Rb3 29. Nc3 Qb6 30. Rh2 Rxb2
31. Rxb2 Qxb2 32. Bd1 Qxa3 33. Rg2 Bc5 34. Nf3 Ng4
0-1

[Event "Viva Zidane! (French Defense) "]
[Site "SchemingMind.com"]
[Date "2006.08.23"]
[Round "-"]
[White "markjburden"]
[Black "Marcos Natal"]
[Result "1-0"]
[WhiteCountry "GBR"]
[BlackCountry "BRA"]
[WhiteElo "1667"]
[WhiteRD "63"]
[BlackElo "1451"]
[BlackRD "117"]
[GameID "64985"]

1. e4 e6 2. d4 d5 3. e5 Bb4+ 4. c3 Ba5 5. b4 Bb6 6. f4 Nd7 7. Bb5 a6 8. Bd3 Ne7 9. g4 f6 10. Qc2 fxe5
11. fxe5 Nf8 12. Bg5 h6 13. Bf4 Bd7 14. Nf3 Bb5 15. a4 Bxd3 16. Qxd3 Nfg6 17. Bg3 O-O 18. O-O c6 19. Nbd2 Nh8 20. Rf2 Neg6
21. h4 Qd7 22. h5 Nf4 23. Bxf4 Rxf4 24. Rg2 Nf7 25. Qe3 Rxf3 26. Nxf3 a5 27. g5 Qe7 28. gxh6 Kh7 29. Kf2 Nxh6 30. Rg6 Rf8
31. Ke2 Nf5 32. Qg1 Bd8 33. Ng5+ Kh8 34. Nxe6 Rf7 35. Nxd8 Qxd8 36. Rf1 Qh4 37. e6 Qxh5+ 38. Kd2 Re7 39. Rg5 Qh6 40. Rxf5 Qxe6
41. Rf8+ Kh7 42. Rh5+ Qh6+ 43. Rxh6+ Kxh6 44. Rh8#
1-0

[Event "Viva Zidane! (French Defense) "]
[Site "SchemingMind.com"]
[Date "2006.08.24"]
[Round "-"]
[White "Dr_Pat"]
[Black "markjburden"]
[Result "0-1"]
[WhiteCountry "USA"]
[BlackCountry "GBR"]
[WhiteElo "1490"]
[WhiteRD "48"]
[BlackElo "1613"]
[BlackRD "71"]
[GameID "64988"]

1. e4 e6 2. d4 d5 3. e5 c5 4. c3 Nc6 5. Nf3 Qb6 6. Nbd2 Bd7 7. Be2 Nge7 8. O-O Ng6 9. dxc5 Bxc5 10. h3 h6
11. Nb3 Be7 12. Be3 Qc7 13. Bd4 b6 14. a3 Nf4 15. Nbd2 Na5 16. b4 Nb7 17. Nh2 g5 18. Ndf3 O-O-O 19. a4 Rdf8 20. b5 Na5
21. Rc1 Nxe2+ 22. Qxe2 Nc4 23. Ng4 h5 24. Nf6 Bxf6 25. exf6 g4 26. hxg4 hxg4 27. Ne5 Rh5 28. Nxg4 Rfh8
0-1